Apropiación social de la ciencia (Registro nro. 19405)

Detalles MARC
000 -CABECERA
Campo de control 00627nam a22002177a 4500
005 - FECHA Y HORA DE LA ULTIMA TRANSACCION
Campo de control 20170308165001.0
008 - ELEMENTOS DE LONGITUD FIJA—INFORMACION GENERAL
Campo de control 170308b xxu||||| |||| 00| 0 spa d
020 ## - ISBN
ISBN 9788497429108
040 ## - FUENTE DE CATALOGACIÓN
Agencia catalogadora original CO-BoIAVH
Agencia transcriptora CO-BoIAVH
041 ## - IDIOMA
Código de idioma para texto/pista de sonido o título separado Español
044 ## - PAÍS DE PUBLICACIÓN
País de publicación España
082 ## - NUMERO DE CLASIFICACION DECIMAL DEWEY
Número de clasificación 372.45044
Número del ítem L84a
100 ## - ASIENTO PRINCIPAL--NOMBRE PERSONAL
Nombre personal López Cerezo, Jose
Término relacionado editor
9 (RLIN) 80412
245 ## - MENCION DE TITULO
Título Apropiación social de la ciencia
260 ## - PUBLICACION, DISTRIBUCION, ETC. (PIE DE IMPRENTA)
Lugar de publicación, distribución, etc. España:
Nombre del editor, distribuidor, etc. Biblioteca Nueva,
Fecha de publicación, distribución, etc. 2008.
300 ## - DESCRIPCION FISICA
Extensión 318 paginas
650 14 - ASIENTO SECUNDARIO DE MATERIA - TERMINO TEMATICO
Término temático o nombre geográfico como elemento de entrada Cultura científica
9 (RLIN) 742
650 14 - ASIENTO SECUNDARIO DE MATERIA - TERMINO TEMATICO
Término temático o nombre geográfico como elemento de entrada Comunicación social
9 (RLIN) 80413
700 ## - ASIENTO SECUNDARIO - NOMBRE PERSONAL
Nombre personal Gómez Gonzales, Francisco Javier
9 (RLIN) 80414
942 ## - ELEMENTOS ADICIONALES (KOHA)
Sistema de clasificación Dewey Decimal Classification
Tipo de ítem Libro
Existencias
Withdrawn status Lost status Sistema de Clasificación Damaged status No para préstamo Colección Inventariado Ubicación Permanente Ubicación actual Fecha de adquisición Fuente de Valor Valor Total Checkouts Número topográfico Inventario / Código de Barras Date last seen Ejemplar Price effective from Forma de adquisición Tipo de material
    Dewey Decimal Classification     General Inventariado 2017 Bogotá Bogotá 08/03/2017 Instituto 39000.00   LB-372.45044 L84a 029620 08/03/2017 Ej. 1 08/03/2017 Donación Libro